000 00622nam a22002057a 4500
003 OSt
005 20221103210623.0
008 150522b xxu||||| |||| 00| 0 eng d
020 _a88- 7816-130-6
040 _cBiblioteca Lado V
082 _a700.74
_bP769p
100 _9330
_aPoliti, Giancarlo
_eeditor
245 _aPraguebiennale 1/
260 _aMilan
_c2003
300 _a570p.
_c17x23cm
650 _2Tesauro de Arte & Arquitectura
_aBIENAL
650 _2Tesauro de Arte & Arquitectura
_aARTE
650 _2Tesauro de Arte & Arquitectura
_aARTE VISUAL
942 _2ddc
_c1
_h700.74
_iP769p
_n0
999 _c2520
_d2520